000 00638nam a2200181Ia 4500
003 GCL
008 140319s9999 xx 000 0 ara d
040 _aGCL /
_cGCL
082 0 4 _aد
_b050
_bج م
100 1 _aجامعة الدول العربية
245 1 0 _aمجلة معهد المخطوطات العربية /
_cجامعة الدول العربية
260 _a[S.N] :
_bجامعة الدول العربية: معهد البحوث والدراس
300 _aمتعددة
490 _aمكتبة الطفل العربى
_v0
650 0 4 _aالمخطوطات العربية
650 0 4 _aالمخطوطات
942 _2ddc
_cCF
999 _c27011
_d27011